01018nam a2200265 a 4500003000900000005001700009008004100026020001800067040001300085245022500098260004000323300002700363490004100390500004200431650002900473650001600502650003100518650003200549650002600581650004200607650001500649650002800664650002400692700003600716AR-BaBNM20251128210520.0082120s2002 ||||||||||||||000 | spa|| a84-7960-010-1 cAR-BaBNM00aPolítica investigadora de la época de Carlos III en el área maya. Descubrimiento de Palenque y primeras excavaciones de carácter científico, según documentación debCalderón, Bernasconi, Del Río y otros aMadridbEdiciones de la Torrec1992 a158 p.bláms., mapas 0aNuestro mundo. Arte y culturavv. 21 aContiene referencias bibliográficas 4aHISTORIA LATINOAMERICANA 4aARQUEOLOGIA 4aEXCAVACIONES ARQUEOLOGICAS 4aINTERPRETACION ARQUEOLOGICA 4aOBJETOS ARQUEOLOGICOS 4aTRABAJO ARQUEOLOGICO SOBRE EL TERRENO 4aABORIGENES 4aCIVILIZACIONES ANTIGUAS 4aESTUDIOS CULTURALES1 aCabello Carro, Pazecolaborador